<?xml version="1.0" encoding="UTF-8"?>
<record
    xmlns:xsi="http://www.w3.org/2001/XMLSchema-instance"
    xsi:schemaLocation="http://www.loc.gov/MARC21/slim http://www.loc.gov/standards/marcxml/schema/MARC21slim.xsd"
    xmlns="http://www.loc.gov/MARC21/slim">

  <leader>01288nam0a2200289   4500</leader>
  <controlfield tag="001">RU\NLR\BIBL_A\011870449</controlfield>
  <controlfield tag="005">20250128194045.0</controlfield>
  <datafield tag="010" ind1=" " ind2=" ">
    <subfield code="a">978-5-88185-384-6</subfield>
    <subfield code="9">130</subfield>
  </datafield>
  <datafield tag="021" ind1=" " ind2=" ">
    <subfield code="a">RU</subfield>
    <subfield code="b">&#x41A;&#x41D;-&#x41F;-18-075299</subfield>
    <subfield code="9">&#x41A;&#x41D;-&#x41F;-18-5442</subfield>
  </datafield>
  <datafield tag="035" ind1=" " ind2=" ">
    <subfield code="a">(NLR Aleph) 011870449</subfield>
  </datafield>
  <datafield tag="090" ind1=" " ind2=" ">
    <subfield code="a">13419529</subfield>
    <subfield code="c">13419529</subfield>
  </datafield>
  <datafield tag="100" ind1=" " ind2=" ">
    <subfield code="a">20181126d2018    m  y0rusy50      ca</subfield>
  </datafield>
  <datafield tag="101" ind1="0" ind2=" ">
    <subfield code="a">bak</subfield>
  </datafield>
  <datafield tag="102" ind1=" " ind2=" ">
    <subfield code="a">RU</subfield>
  </datafield>
  <datafield tag="105" ind1=" " ind2=" ">
    <subfield code="a">c   z   000 y</subfield>
  </datafield>
  <datafield tag="200" ind1="1" ind2=" ">
    <subfield code="a">&#x42F;&#x440;&#x43B;&#x44B;&#x4A1;&#x430;&#x431;&#x44B;&#x43C; - &#x442;&#x44B;&#x443;&#x493;&#x430;&#x43D; &#x430;&#x443;&#x44B;&#x43B;&#x44B;&#x43C;</subfield>
    <subfield code="e">[&#x411;&#x430;&#x448;&#x4A1;&#x43E;&#x440;&#x442;&#x43E;&#x441;&#x442;&#x430;&#x43D; &#x420;&#x435;&#x441;&#x43F;. &#x4D8;&#x431;&#x439;&#x4D9;&#x43B;&#x438;&#x43B; &#x440;-&#x43D;&#x44B;]</subfield>
    <subfield code="f">&#x420;. &#x4D8;. &#x418;&#x43B;&#x4BB;&#x430;&#x43C;&#x43E;&#x432;&#x430;-&#x410;&#x431;&#x434;&#x443;&#x43B;&#x43B;&#x438;&#x43D;&#x430;</subfield>
  </datafield>
  <datafield tag="210" ind1=" " ind2=" ">
    <subfield code="a">&#x4E8;&#x444;&#x4E9;</subfield>
    <subfield code="c">&#x411;&#x430;&#x448;&#x4A1;&#x43E;&#x440;&#x442; &#x44D;&#x43D;&#x446;&#x438;&#x43A;&#x43B;&#x43E;&#x43F;&#x435;&#x434;&#x438;&#x44F;&#x4BB;&#x44B;</subfield>
    <subfield code="d">2018</subfield>
  </datafield>
  <datafield tag="215" ind1=" " ind2=" ">
    <subfield code="a">198,[1] &#x431;.</subfield>
    <subfield code="c">&#x43F;&#x43E;&#x440;&#x442;&#x440;., &#x444;&#x43E;&#x442;.</subfield>
    <subfield code="d">20</subfield>
  </datafield>
  <datafield tag="320" ind1=" " ind2=" ">
    <subfield code="a">&#x411;&#x438;&#x431;&#x43B;&#x438;&#x43E;&#x433;&#x440;.: &#x441;. [197] (13 &#x43D;&#x430;&#x437;&#x432;.)</subfield>
  </datafield>
  <datafield tag="541" ind1="1" ind2=" ">
    <subfield code="6">z01790</subfield>
    <subfield code="a">&#x42F;&#x440;&#x43B;&#x44B;&#x43A;&#x430;&#x43F;&#x43E;&#x432;&#x43E; - &#x434;&#x435;&#x440;&#x435;&#x432;&#x43D;&#x44F; &#x440;&#x43E;&#x434;&#x43D;&#x430;&#x44F; &#x43C;&#x43E;&#x44F;</subfield>
    <subfield code="e">[&#x438;&#x441;&#x442;&#x43E;&#x440;&#x438;&#x44F; &#x434;. &#x42F;&#x440;&#x43B;&#x44B;&#x43A;&#x430;&#x43F;&#x43E;&#x432;&#x43E; &#x410;&#x431;&#x437;&#x435;&#x43B;&#x438;&#x43B;&#x43E;&#x432;&#x441;&#x43A;&#x43E;&#x433;&#x43E; &#x440;-&#x43D;&#x430; &#x420;&#x435;&#x441;&#x43F;. &#x411;&#x430;&#x448;&#x43A;&#x43E;&#x440;&#x442;&#x43E;&#x441;&#x442;&#x430;&#x43D;].</subfield>
    <subfield code="z">rus</subfield>
  </datafield>
  <datafield tag="686" ind1="1" ind2=" ">
    <subfield code="a">&#x422;3(2&#x420;-6&#x411;)-9</subfield>
  </datafield>
  <datafield tag="700" ind1=" " ind2="1">
    <subfield code="a">&#x418;&#x43B;&#x4BB;&#x430;&#x43C;&#x43E;&#x432;&#x430;-&#x410;&#x431;&#x434;&#x443;&#x43B;&#x43B;&#x438;&#x43D;&#x430;</subfield>
    <subfield code="b">&#x420;. &#x4D8;.</subfield>
    <subfield code="f">1953-</subfield>
    <subfield code="g">&#x420;&#x43E;&#x437;&#x430; &#x4D8;&#x441;&#x493;&#x4D9;&#x442; &#x4A1;&#x44B;&#x499;&#x44B;</subfield>
    <subfield code="4">070</subfield>
  </datafield>
  <datafield tag="790" ind1=" " ind2="1">
    <subfield code="6">z01541</subfield>
    <subfield code="a">&#x418;&#x43B;&#x44C;&#x433;&#x430;&#x43C;&#x43E;&#x432;&#x430;-&#x410;&#x431;&#x434;&#x443;&#x43B;&#x43B;&#x438;&#x43D;&#x430;</subfield>
    <subfield code="b">&#x420;. &#x410;.</subfield>
    <subfield code="g">&#x420;&#x43E;&#x437;&#x430; &#x410;&#x441;&#x433;&#x430;&#x442;&#x43E;&#x432;&#x43D;&#x430;</subfield>
    <subfield code="4">070</subfield>
  </datafield>
  <datafield tag="852" ind1=" " ind2=" ">
    <subfield code="a">NLR</subfield>
    <subfield code="b">&#x41E;&#x41D;&#x41B;</subfield>
    <subfield code="j">&#x411;&#x430;&#x448;&#x43A;./2-5140</subfield>
  </datafield>
  <datafield tag="942" ind1=" " ind2=" ">
    <subfield code="c">BOOK</subfield>
  </datafield>
  <datafield tag="980" ind1=" " ind2=" ">
    <subfield code="a">NB</subfield>
  </datafield>
  <datafield tag="995" ind1=" " ind2=" ">
    <subfield code="5">2018-11-26</subfield>
    <subfield code="a">ad</subfield>
    <subfield code="b">NLR01</subfield>
    <subfield code="c">NLR01</subfield>
    <subfield code="e">ONL</subfield>
    <subfield code="f">1-1461962</subfield>
    <subfield code="k">&#x41E;&#x41D;&#x41B; &#x411;&#x430;&#x448;&#x43A;./2-5140</subfield>
    <subfield code="o">0</subfield>
    <subfield code="r">BOOK</subfield>
    <subfield code="s">_25140</subfield>
  </datafield>
</record>
